TV Show by Locker Scene Quiz Stats

 Plays Quiz Updated Feb 17, 2018

Score 0/21 Timer 07:00
3 Plays Today
% Correct
The Simpsons
97.5%
Modern Family
75.2%
Pretty Little Liars
75.1%
Bones
74.9%
Grey's Anatomy
70.9%
Glee
69.9%
Smallville
64.4%
2 Broke Girls
63.6%
Stranger Things
57.2%
Freaks and Geeks
51.8%
The Goldbergs
51.1%
% Correct
Arrested Development
50.5%
One Tree Hill
49.2%
Riverdale
41.2%
Girl Meets World
36.8%
Victorious
34.3%
My So-Called Life
30.2%
Quantico
27%
True Detective
26.9%
Hart of Dixie
21.2%
Teen Wolf
14.2%

You're not logged in!

Compare scores with friends on all Sporcle quizzes.
OR
Log In

Sporcle TV

Today on Sporcle TV


Watch our educational content, quiz creation guides, and fun videos on Sporcle TV.

Show Comments

Extras

Top Quizzes Today


Score Distribution

Your Account Isn't Verified!

In order to create a playlist on Sporcle, you need to verify the email address you used during registration. Go to your Sporcle Settings to finish the process.

Report this User

Report this user for behavior that violates our Community Guidelines.

Details: